[Event "FIDE World Cup 2021"]
[Site "Krasnaya Polyana (Sochi) RUS"]
[Date "2021.07.27"]
[EventDate "2021.07.12"]
[Round "5.4"]
[Result "0-1"]
[White "Velimir Ivic"]
[Black "Vladimir3 Fedoseev"]
[WhiteElo "2582"]
[BlackElo "2696"]
[PlyCount "86"]

1. e4 e5 2. Nf3 Nc6 3. Bb5 a6 4. Ba4 Nf6 5. O-O Be7 6. d3 d6 7. c3 O-O 8. Nbd2
Re8 9. Re1 Bf8 10. Nf1 h6 11. Ng3 b5 12. Bc2 d5 13. Qe2 Be6 14. h3 Qd7 15. Nh4
d4 16. Nhf5 dxc3 17. bxc3 b4 18. Ba4 bxc3 19. Be3 Reb8 20. Rac1 Rb2 21. Qf3 Rxa2
22. Bxc6 Qxc6 23. Nxh6+ Kh7 24. Nhf5 g6 25. Bg5 Nd7 26. d4 exd4 27. Nxd4 Qc4 28.
Ngf5 Bxf5 29. exf5 Qxd4 30. fxg6+ fxg6 31. Qf7+ Bg7 32. Qxa2 Ne5 33. Rcd1 Qb4
34. Qc2 Rf8 35. Be3 Rf5 36. Qe2 a5 37. Kh1 Qc4 38. Bd4 c2 39. Rc1 Qxd4 40. Rxc2
Nd3 41. Rf1 c5 42. f3 c4 43. Qe6 0-1

[Event "FIDE World Cup 2021"]
[Site "Krasnaya Polyana (Sochi) RUS"]
[Date "2021.07.27"]
[EventDate "2021.07.12"]
[Round "5.4"]
[Result "1-0"]
[White "M Amin Tabatabaei"]
[Black "Haik M Martirosyan"]
[WhiteElo "2613"]
[BlackElo "2632"]
[PlyCount "114"]

1. e4 e5 2. Nf3 Nc6 3. Bb5 Nf6 4. O-O Nxe4 5. Re1 Nd6 6. Nxe5 Be7 7. Bf1 Nxe5 8.
Rxe5 O-O 9. d4 Ne8 10. c4 Bf6 11. Re1 d5 12. cxd5 Qxd5 13. Be3 Qd8 14. Nc3 Nd6
15. Bf4 Be6 16. Be5 Bxe5 17. dxe5 Nf5 18. Bd3 c5 19. Be4 Nd4 20. Ne2 Nxe2+ 21.
Qxe2 Qc7 22. f4 g6 23. Qf3 Rae8 24. b3 b5 25. h4 c4 26. bxc4 Bxc4 27. h5 Qe7 28.
Qg3 f5 29. Bf3 Kg7 30. Rad1 Rd8 31. Qf2 a5 32. Qb2 gxh5 33. Bxh5 Kg8 34. Rxd8
Rxd8 35. e6 h6 36. Qe5 Rd5 37. Qb8+ Kg7 38. Qe8 Qxe8 39. Bxe8 Kf8 40. Bc6 Ke7
41. Bxd5 Bxd5 42. Re5 Bc4 43. Kf2 h5 44. g3 a4 45. a3 b4 46. axb4 a3 47. Ra5 a2
48. Ke3 Kxe6 49. Kd4 Bb3 50. Kc5 Kd7 51. Ra7+ Kc8 52. b5 Kb8 53. b6 Bf7 54. Kd6
Kc8 55. Ke5 Bc4 56. Kxf5 Kb8 57. Kf6 1-0

[Event "FIDE World Cup 2021"]
[Site "Krasnaya Polyana (Sochi) RUS"]
[Date "2021.07.27"]
[EventDate "2021.07.12"]
[Round "5.4"]
[Result "1/2-1/2"]
[White "Sergey Karjakin"]
[Black "Vachier-Lagrave, Maxime"]
[WhiteElo "2757"]
[BlackElo "2749"]
[PlyCount "74"]

1. Nf3 Nf6 2. c4 c5 3. Nc3 d5 4. cxd5 Nxd5 5. e3 e6 6. Bc4 Be7 7. O-O O-O 8. Qe2
a6 9. d4 cxd4 10. exd4 b5 11. Nxd5 exd5 12. Bd3 Bg4 13. h3 Bh5 14. g4 Bg6 15.
Ne5 Bxd3 16. Qxd3 f6 17. Nf3 Qd7 18. Bf4 Nc6 19. Rac1 Rac8 20. Rfe1 Bb4 21. Re2
Ne7 22. Rxc8 Rxc8 23. Kg2 Ng6 24. Bg3 Bd6 25. Qf5 Qxf5 26. gxf5 Nf4+ 27. Bxf4
Bxf4 28. Re6 Rc2 29. Ne1 Rd2 30. Kf3 Rxd4 31. Rxa6 Be5 32. Ra8+ Kf7 33. Ra7+ Kf8
34. Rb7 b4 35. Nc2 Rd2 36. Ne3 Rxb2 37. Nxd5 Rxa2 1/2-1/2

[Event "FIDE World Cup 2021"]
[Site "Krasnaya Polyana (Sochi) RUS"]
[Date "2021.07.27"]
[EventDate "2021.07.12"]
[Round "5.4"]
[Result "0-1"]
[White "Kacper Piorun"]
[Black "Etienne Bacrot"]
[WhiteElo "2608"]
[BlackElo "2678"]
[PlyCount "110"]

1. e4 g6 2. d4 Bg7 3. Nf3 a6 4. Bd3 d6 5. c3 Nd7 6. O-O e5 7. Nbd2 Ne7 8. Re1
O-O 9. dxe5 dxe5 10. a4 Nc5 11. Bc4 Nd3 12. Re3 Nxc1 13. Rxc1 Qe8 14. Qb3 Bh6
15. Rd3 Nc6 16. Bd5 Nd8 17. a5 Ne6 18. Bxe6 Qxe6 19. Rd1 f6 20. Nc4 Qf7 21. Rd8
Rb8 22. Rxf8+ Bxf8 23. Rd8 Kg7 24. Qa4 Be7 25. Rd3 Be6 26. Nfd2 Qg8 27. Ne3 Rd8
28. Qc2 Bc5 29. Ndc4 Be7 30. Nd2 h5 31. Nf5+ Kf8 32. Rg3 Bc5 33. h3 Qf7 34. Ne3
Kg7 35. b4 Ba7 36. Ndf1 Qd7 37. c4 Bxe3 38. Nxe3 Qd2 39. Qb1 Kf7 40. Nd5 c6 41.
Rd3 Qg5 42. Nb6 Rd4 43. Rxd4 exd4 44. Qd3 Qc1+ 45. Kh2 Qc3 46. Qe2 h4 47. Na4
Qxb4 48. Nb2 Qxa5 49. f4 Qc3 50. Nd3 Bxc4 51. Qg4 Qxd3 52. Qd7+ Kg8 53. Qe8+ Kg7
54. Qe7+ Bf7 55. e5 Qf5 0-1

[Event "FIDE World Cup 2021"]
[Site "Krasnaya Polyana (Sochi) RUS"]
[Date "2021.07.27"]
[EventDate "2021.07.12"]
[Round "5.5"]
[Result "1-0"]
[White "Magnus Carlsen"]
[Black "Andrey Esipenko"]
[WhiteElo "2847"]
[BlackElo "2716"]
[PlyCount "62"]

1. d4 Nf6 2. c4 e6 3. Nf3 d5 4. g3 Bb4+ 5. Bd2 Be7 6. Bg2 O-O 7. O-O Nbd7 8. Qb3
Nb6 9. c5 Nc4 10. Bc3 b6 11. c6 a5 12. Nbd2 Ba6 13. Nxc4 Bxc4 14. Qc2 a4 15. Ne5
Bb5 16. Rfe1 Bd6 17. Bd2 a3 18. b3 Ne4 19. Bxe4 dxe4 20. Nd7 f5 21. Nxf8 Qxf8
22. Bf4 Rd8 23. Be5 Bxe5 24. dxe5 h6 25. Rad1 Rxd1 26. Rxd1 Qb4 27. Kf1 e3 28.
f3 h5 29. Rd7 h4 30. Rxc7 h3 31. Rd7 1-0

[Event "FIDE World Cup 2021"]
[Site "Krasnaya Polyana (Sochi) RUS"]
[Date "2021.07.27"]
[EventDate "2021.07.12"]
[Round "5.5"]
[Result "1/2-1/2"]
[White "Sergey Karjakin"]
[Black "Vachier-Lagrave, Maxime"]
[WhiteElo "2757"]
[BlackElo "2749"]
[PlyCount "182"]

1. Nf3 Nf6 2. c4 c5 3. Nc3 d5 4. cxd5 Nxd5 5. e3 e6 6. Bc4 Be7 7. O-O O-O 8. Qe2
a6 9. d4 b5 10. Bxd5 exd5 11. dxc5 Bxc5 12. Rd1 Be6 13. b3 Nc6 14. Bb2 Rc8 15.
Qd2 Ne7 16. Ne2 f6 17. a4 bxa4 18. Rxa4 Qb6 19. Rda1 Bd7 20. Rxa6 Qxb3 21. Ba3
Bxa3 22. R6xa3 Qc2 23. Qxc2 Rxc2 24. Ra7 Rd8 25. Nfd4 Rcc8 26. Nf4 Nc6 27. Nxc6
Bxc6 28. h4 Ra8 29. R1a6 Rxa7 30. Rxa7 Rd6 31. Ne2 Bd7 32. f3 Kf8 33. Kf2 Ke8
34. Ra5 Kf7 35. g4 h6 36. Nd4 Ke7 37. h5 Kf7 38. Kg3 Ke7 39. Kf4 Kf7 40. Rc5 Kg8
41. Ra5 Kf7 42. Ra7 Kf8 43. Rb7 Kg8 44. Rc7 Kf8 45. Ra7 Kg8 46. Rb7 Kf8 47. Ne2
Kg8 48. Kg3 Kf8 49. Nd4 Ke8 50. Ra7 Kf8 51. Kf2 Ke8 52. Ra5 Kf7 53. Ke2 Be6 54.
Kd3 Rb6 55. Ra7+ Kf8 56. Kc3 Kg8 57. Re7 Bf7 58. Rc7 Rb8 59. Nf5 Kf8 60. Nd4 Re8
61. Kd2 Ra8 62. Ke2 Ra2+ 63. Ke1 Ra1+ 64. Kf2 Ra2+ 65. Kg3 Ra8 66. Nf5 Rd8 67.
f4 Be6 68. Nxg7 Bd7 69. Nf5 Bxf5 70. gxf5 d4 71. exd4 Rxd4 72. Rh7 Rd1 73. Rxh6
Kg7 74. Rg6+ Kf7 75. Kf3 Rf1+ 76. Ke3 Re1+ 77. Kf2 Rh1 78. h6 Rh5 79. Kg3 Rh1
80. Kg2 Rh5 81. Kf3 Rh1 82. Rg7+ Kf8 83. Rh7 Kg8 84. Rg7+ Kf8 85. Ke4 Rxh6 86.
Rg6 Rh1 87. Rxf6+ Ke7 88. Ra6 Re1+ 89. Kf3 Rf1+ 90. Kg4 Rg1+ 91. Kh5 Kf7 1/2-1/2

[Event "FIDE World Cup 2021"]
[Site "Krasnaya Polyana (Sochi) RUS"]
[Date "2021.07.27"]
[EventDate "2021.07.12"]
[Round "5.5"]
[Result "0-1"]
[White "Kacper Piorun"]
[Black "Etienne Bacrot"]
[WhiteElo "2608"]
[BlackElo "2678"]
[PlyCount "96"]

1. e4 c5 2. Nf3 d6 3. d4 cxd4 4. Nxd4 Nf6 5. Nc3 Nc6 6. Bg5 e6 7. Bb5 Qb6 8. Be3
Qc7 9. Be2 a6 10. g4 h6 11. Qd2 b5 12. a3 Be7 13. f4 Bb7 14. O-O-O Na5 15. Qd3
Rc8 16. g5 Nd7 17. g6 Nc5 18. gxf7+ Kxf7 19. Qd2 Nxe4 20. Nxe4 Bxe4 21. Bd3 Bxh1
22. Rxh1 Bf6 23. Kb1 Nc4 24. Qe2 Nxe3 25. Qxe3 Rhe8 26. Rg1 Qc5 27. c3 e5 28.
fxe5 dxe5 29. Bg6+ Kf8 30. Nf5 Qxe3 31. Nxe3 Red8 32. Kc2 Bg5 33. Rf1+ Bf4 34.
h4 Ke7 35. Nf5+ Kf6 36. h5 Rd2+ 37. Kb3 a5 38. Ng3 a4+ 39. Ka2 Ke7 40. Ne4 Rg2
41. Bf5 Rd8 42. Bh3 Rh2 43. Bg4 Rd3 44. Bf5 Rxh5 45. Bg6 Rh2 46. Bf5 g5 47. Rg1
Rd8 48. Kb1 h5 0-1

[Event "FIDE World Cup 2021"]
[Site "Krasnaya Polyana (Sochi) RUS"]
[Date "2021.07.27"]
[EventDate "2021.07.12"]
[Round "5.6"]
[Result "0-1"]
[White "Vachier-Lagrave, Maxime"]
[Black "Sergey Karjakin"]
[WhiteElo "2749"]
[BlackElo "2757"]
[PlyCount "62"]

1. d4 Nf6 2. Nc3 d5 3. Bf4 c5 4. e3 a6 5. Nf3 cxd4 6. exd4 Bg4 7. Be2 Nc6 8. Ne5
Bxe2 9. Nxe2 e6 10. c3 Be7 11. h4 h5 12. Nd3 Ne4 13. Ng3 Bxh4 14. Nxe4 dxe4 15.
Nc5 Be7 16. Rxh5 Rxh5 17. Qxh5 Qd5 18. Qxd5 exd5 19. Nxb7 g5 20. Bd6 Ra7 21.
Bxe7 Rxb7 22. Ba3 f5 23. Ke2 Rh7 24. Bc5 f4 25. b4 Rh2 26. a4 Rxg2 27. Kf1 f3
28. b5 e3 29. fxe3 Na5 30. Ba3 Nb3 31. Rd1 axb5 0-1

[Event "FIDE World Cup 2021"]
[Site "Krasnaya Polyana (Sochi) RUS"]
[Date "2021.07.27"]
[EventDate "2021.07.12"]
[Round "5.6"]
[Result "1-0"]
[White "Etienne Bacrot"]
[Black "Kacper Piorun"]
[WhiteElo "2678"]
[BlackElo "2608"]
[PlyCount "162"]

1. e4 g6 2. d4 Bg7 3. Nc3 c5 4. d5 d6 5. h3 a6 6. a4 Nf6 7. Nf3 O-O 8. Bc4 Nbd7
9. O-O Ne8 10. Bf4 Rb8 11. Qd2 Nc7 12. a5 b5 13. axb6 Rxb6 14. Bh6 f6 15. Bxg7
Kxg7 16. b3 g5 17. Nd1 Rg8 18. Ne3 Nf8 19. Qa5 Rb7 20. Qc3 Kh8 21. Bxa6 Nxa6 22.
Rxa6 g4 23. hxg4 Bxg4 24. Nxg4 Rxg4 25. Nd2 Ng6 26. Qh3 Rh4 27. Qg3 Rb8 28. Rfa1
Qc8 29. Qf3 Ne5 30. Qf5 Qxf5 31. exf5 Rf4 32. Ra8 Rg8 33. Rxg8+ Kxg8 34. Ra8+
Kf7 35. Rh8 Rd4 36. Nf1 Rxd5 37. Ne3 Rd2 38. Rxh7+ Ke8 39. Kf1 Rd4 40. Rh8+ Kd7
41. Ra8 Rh4 42. Ra7+ Ke8 43. Ra8+ Kf7 44. Rc8 Ng4 45. Ke2 Nxe3 46. Kxe3 Rh1 47.
Ra8 Re1+ 48. Kf3 Kg7 49. g4 Rc1 50. Ra7 Kf7 51. Ra2 Rb1 52. Ke2 Rg1 53. Ra4 Ke8
54. Ra8+ Kf7 55. Ra4 Rh1 56. Kd2 Rh3 57. Ke2 Rh7 58. b4 cxb4 59. Rxb4 Rh8 60.
Re4 Rc8 61. Kd3 Ra8 62. Kd2 Ra7 63. Kd3 Kg7 64. f4 Kf7 65. Re2 Ra4 66. Re4 Ra3+
67. c3 Ra1 68. Ke2 Rg1 69. Kf3 Kf8 70. Re2 Rf1+ 71. Kg3 Ke8 72. c4 Rc1 73. Re4
Kf7 74. g5 Rg1+ 75. Kh4 Rf1 76. g6+ Ke8 77. Kg3 Ra1 78. Re2 Rg1+ 79. Rg2 Rc1 80.
Rh2 Rg1+ 81. Kf2 1-0

[Event "FIDE World Cup 2021"]
[Site "Krasnaya Polyana (Sochi) RUS"]
[Date "2021.07.27"]
[EventDate "2021.07.12"]
[Round "5.8"]
[Result "0-1"]
[White "Andrey Esipenko"]
[Black "Magnus Carlsen"]
[WhiteElo "2716"]
[BlackElo "2847"]
[PlyCount "86"]

1. e4 e5 2. Nf3 Nc6 3. Bc4 Bc5 4. c3 Nf6 5. d3 d6 6. O-O h6 7. Re1 O-O 8. h3 a6
9. a4 Ba7 10. Nbd2 Re8 11. b4 Be6 12. Bxe6 Rxe6 13. Qc2 Qd7 14. Nf1 d5 15. Be3
Bxe3 16. Nxe3 Ne7 17. Rab1 Rd8 18. a5 Ng6 19. c4 c6 20. Red1 Nf4 21. Nf5 g6 22.
Nxh6+ Kg7 23. Ng4 Nxg4 24. hxg4 Ree8 25. Nh2 Rh8 26. f3 dxe4 27. dxe4 Qe7 28.
Rxd8 Qxd8 29. g3 Qd4+ 30. Kh1 Nd3 31. Qe2 Qxc4 32. Rd1 Rd8 33. Rf1 Qxb4 34. f4
exf4 35. gxf4 Qxa5 36. g5 Nc5 37. Qb2+ Kg8 38. Ng4 Nxe4 39. Nh6+ Kh7 40. Qh2 Rd2
41. Qh4 Kg7 42. f5 Qd5 43. f6+ Nxf6+ 0-1

[Event "FIDE World Cup 2021"]
[Site "Krasnaya Polyana (Sochi) RUS"]
[Date "2021.07.28"]
[EventDate "2021.07.12"]
[Round "6.1"]
[Result "1/2-1/2"]
[White "M Amin Tabatabaei"]
[Black "Vladimir Fedoseev"]
[WhiteElo "2613"]
[BlackElo "2696"]
[PlyCount "64"]

1. c4 e6 2. Nc3 d5 3. d4 Be7 4. cxd5 exd5 5. Bf4 c6 6. e3 Bf5 7. Nge2 Nf6
8. Ng3 Be6 9. Bd3 g6 10. h4 Nbd7 11. h5 Rg8 12. hxg6 hxg6 13. Nge2 Nh5 14.
Qc2 Nxf4 15. Nxf4 Nf8 16. O-O-O Bd6 17. Kb1 Qa5 18. a3 O-O-O 19. Na4 Qc7
20. g3 Bg4 21. Rc1 Bf3 22. Rhe1 Nd7 23. b4 Kb8 24. Qb3 Nb6 25. Nc5 Qe7 26.
a4 g5 27. Ne2 Rh8 28. Nc3 Rh2 29. Rc2 Nc4 30. e4 Bxc5 31. bxc5 Bxe4 32.
Nxe4 1/2-1/2

[Event "FIDE World Cup 2021"]
[Site "Krasnaya Polyana (Sochi) RUS"]
[Date "2021.07.28"]
[EventDate "2021.07.12"]
[Round "6.1"]
[Result "0-1"]
[White "Etienne Bacrot"]
[Black "Magnus Carlsen"]
[WhiteElo "2678"]
[BlackElo "2847"]
[PlyCount "88"]

1. e4 e5 2. Nf3 Nc6 3. Bb5 a6 4. Ba4 Nf6 5. O-O Be7 6. Re1 b5 7. Bb3 O-O 8.
a4 Bb7 9. d3 d6 10. Bd2 Qd7 11. Nc3 Na5 12. Ba2 c5 13. Ne2 Nc6 14. Ng3 d5
15. exd5 Nxd5 16. c3 Rad8 17. axb5 axb5 18. Nxe5 Nxe5 19. Rxe5 Bd6 20. Re1
Nf4 21. Bxf4 Bxf4 22. Ne4 Qc7 23. g3 Be5 24. f4 Bd6 25. Qh5 Qc6 26. Qh3 c4
27. d4 Rde8 28. d5 Qxd5 29. Rad1 Rxe4 30. Rxd5 Rxe1+ 31. Kf2 Rfe8 32. Re5
Bxe5 33. Kxe1 Bxc3+ 34. Kf1 Bc8 35. Qg2 Bf5 36. Qd5 Be6 37. Qc5 Bxb2 38.
Kg2 Bd7 39. Qd5 Rd8 40. Qc5 Bf6 41. Bb1 g6 42. g4 Bxg4 43. Qxb5 c3 44. f5
g5 0-1

[Event "FIDE World Cup 2021"]
[Site "Krasnaya Polyana (Sochi) RUS"]
[Date "2021.07.28"]
[EventDate "2021.07.12"]
[Round "6.1"]
[Result "1-0"]
[White "Sam Shankland"]
[Black "Sergey Karjakin"]
[WhiteElo "2709"]
[BlackElo "2757"]
[PlyCount "116"]

1. c4 e5 2. g3 c6 3. Nf3 e4 4. Nd4 d5 5. cxd5 Qxd5 6. e3 Bc5 7. Nc3 Qe5 8.
d3 exd3 9. Qxd3 Nf6 10. Bg2 O-O 11. O-O Rd8 12. Nf3 Rxd3 13. Nxe5 Rd8 14.
b3 Be6 15. Bb2 Na6 16. Rad1 Be7 17. Ne2 Nb4 18. Nd4 Bd5 19. a3 Na6 20. b4
Bxg2 21. Kxg2 c5 22. Nf5 Bf8 23. b5 Nc7 24. a4 Nfd5 25. Nc4 g6 26. Nh4 Nb6
27. Rxd8 Rxd8 28. Nxb6 axb6 29. Nf3 Ra8 30. Be5 Ne8 31. Ra1 f6 32. Bc3 Kf7
33. Nd2 Bd6 34. Kf1 Ke6 35. Ke2 h5 36. Kd3 Bc7 37. f4 Nd6 38. e4 f5 39. e5
Nf7 40. Kc4 Ke7 41. Nf1 Nd8 42. Ne3 Ne6 43. a5 bxa5 44. b6 Bd8 45. Rd1 Nd4
46. Nd5+ Kf7 47. Bxd4 cxd4 48. Rxd4 Rc8+ 49. Nc7 Bxc7 50. Rd7+ Ke6 51. Rxc7 Rxc7+
52. bxc7 Kd7 53. Kb5 Kxc7 54. Kxa5 Kc6 55. Kb4 Kb6 56. Kc4 Kc6  57. Kd4 b5 58. h3 1-0

[Event "FIDE World Cup 2021"]
[Site "Krasnaya Polyana (Sochi) RUS"]
[Date "2021.07.29"]
[EventDate "2021.07.12"]
[Round "6.2"]
[Result "1-0"]
[White "Sergey Karjakin"]
[Black "Samuel Shankland"]
[WhiteElo "2757"]
[BlackElo "2709"]
[PlyCount "72"]

1. e4 e6 2. d3 d5 3. Nd2 Nf6 4. Ngf3 Be7 5. g3 a5 6. Bg2 a4 7. a3 c5 8. O-O
Nc6 9. Re1 O-O 10. e5 Nd7 11. Nf1 b5 12. h4 Bb7 13. h5 h6 14. Bf4 Qb6 15.
Qd2 Rfc8 16. g4 Qd8 17. N1h2 Ra6 18. Kh1 b4 19. Rg1 Nf8 20. axb4 cxb4 21.
d4 Na5 22. g5 Nc4 23. Qc1 hxg5 24. Bxg5 b3 25. Bxe7 Qxe7 26. Bf1 a3 27. Rxg7+
Kxg7 28. Ng4 f5 29. exf6+ Qxf6 30. Nxf6 axb2 31. Qg5+ Kf7 32. h6 Ng6 33. Nh4
bxa1=Q 34. Qxg6+ Ke7 35. Qg7+ Kd6 36. Qd7# 1-0

[Event "FIDE World Cup 2021"]
[Site "Krasnaya Polyana (Sochi) RUS"]
[Date "2021.07.29"]
[EventDate "2021.07.12"]
[Round "6.2"]
[Result "1-0"]
[White "Magnus Carlsen"]
[Black "Etienne Bacrot"]
[WhiteElo "2847"]
[BlackElo "2678"]
[PlyCount "78"]

1. e4 c5 2. Nf3 d6 3. Bb5+ Bd7 4. Bxd7+ Qxd7 5. c4 e5 6. Nc3 Nc6 7. d3 f5
8. exf5 Qxf5 9. Ng5 Be7 10. Nge4 Nf6 11. O-O O-O 12. f4 exf4 13. Bxf4 Nxe4
14. dxe4 Qg6 15. Nd5 Bg5 16. Qd3 Nd4 17. Bg3 Rxf1+ 18. Rxf1 Re8 19. Re1 h5
20. h3 Kh7 21. Bf2 Nc6 22. b3 Ne5 23. Qe2 Bh6 24. Kh2 Nc6 25. Qf3 Ne5 26.
Qe2 Rf8 27. Bg3 Nc6 28. Rf1 Re8 29. Re1 Nd4 30. Qf2 b6 31. h4 Rxe4 32. Ne7
Rxe7 33. Rxe7 Nf5 34. Re2 Nd4 35. Re1 Qd3 36. Bf4 Nf5 37. Bxh6 Nxh6 38. Qf3
Ng4+ 39. Kg3 1-0

[Event "FIDE World Cup 2021"]
[Site "Krasnaya Polyana (Sochi) RUS"]
[Date "2021.07.29"]
[EventDate "2021.07.12"]
[Round "6.2"]
[Result "1-0"]
[White "Vladimir Fedoseev"]
[Black "M Amin Tabatabaei"]
[WhiteElo "2696"]
[BlackElo "2613"]
[PlyCount "158"]

1. d4 Nf6 2. c4 e6 3. Nf3 d5 4. g3 dxc4 5. Bg2 c5 6. O-O Nc6 7. dxc5 Qxd1
8. Rxd1 Bxc5 9. Nbd2 c3 10. bxc3 O-O 11. Nb3 Be7 12. c4 Bd7 13. Bb2 Rfc8
14. Ne1 Be8 15. Nd3 Rc7 16. c5 Rac8 17. Bc1 Nd5 18. Bxd5 exd5 19. Nf4 d4
20. Nd5 Rd7 21. Nxe7+ Rxe7 22. Kf1 Rd8 23. Bf4 Red7 24. Bd6 b6 25. Rac1 f6
26. f3 Bf7 27. Nxd4 Nxd4 28. Rxd4 Bxa2 29. Ra4 Be6 30. Ra6 Re8 31. Kf2 h5
32. h4 Bf7 33. Bf4 bxc5 34. Rxc5 Rb7 35. Ra3 Kh7 36. Be3 Ree7 37. Bd4 Kg6
38. Raa5 Kh7 39. Rc2 Red7 40. Be3 Re7 41. Bc5 Rec7 42. Rc3 Kg6 43. e4 Rc6
44. Bd4 Rxc3 45. Bxc3 Bc4 46. Rc5 Bb5 47. e5 Bd7 48. exf6 gxf6 49. Rd5 Be6
50. Rd6 Rb6 51. Rd8 Rc6 52. Bd4 a6 53. Ke3 Kf7 54. Rh8 Kg6 55. Rf8 Bf7 56.
Rd8 Be6 57. Ke4 Kf7 58. Ra8 Kg6 59. Ra7 Bc8 60. Kd5 Rc2 61. Ke4 Rc6 62. Ke3
Bf5 63. Ra8 Bc8 64. Rb8 Kf7 65. Ke4 Be6 66. Rh8 Kg6 67. Rf8 Bf7 68. Rd8 Be6
69. Kf4 Rc4 70. Rd6 Kf7 71. Ke4 a5 72. f4 Ke7 73. Ra6 a4 74. Ra7+ Kd6 75.
Ke3 Rb4 76. Bxf6 Rb3+ 77. Kd4 Rxg3 78. Be5+ Kc6 79. Ra6+ 1-0

[Event "FIDE World Cup 2021"]
[Site "Krasnaya Polyana (Sochi) RUS"]
[Date "2021.07.30"]
[EventDate "2021.07.12"]
[Round "6.4"]
[Result "1-0"]
[White "Sergey Karjakin"]
[Black "Sam Shankland"]
[WhiteElo "2757"]
[BlackElo "2709"]
[PlyCount "80"]

1. e4 c5 2. Nf3 d6 3. d4 cxd4 4. Nxd4 Nf6 5. Nc3 a6 6. h3 Nc6 7. g4 g6 8. Be3
Nxd4 9. Qxd4 Bg7 10. O-O-O Be6 11. f4 Qa5 12. f5 Bxa2 13. Bd2 O-O 14. Nd5 Nxd5
15. Bxa5 Bxd4 16. Rxd4 Ne3 17. Kd2 Nxf1+ 18. Rxf1 Rfc8 19. b3 Rc6 20. Ra1 Bxb3
21. cxb3 Rac8 22. Ke3 Rc2 23. f6 exf6 24. Rxd6 Rh2 25. Rxf6 Rxh3+ 26. Rf3 Rh2
27. Rd1 Rb2 28. Rd3 h6 29. Kf4 g5+ 30. Kf5 Re2 31. Bd8 Kh7 32. Bf6 b5 33. Rd7
Kg8 34. b4 Ra2 35. Rd8+ Rxd8 36. Bxd8 Rd2 37. Bf6 Kf8 38. Rc3 Rf2+ 39. Ke5 Ke8
40. Rd3 1-0

[Event "FIDE World Cup 2021"]
[Site "Krasnaya Polyana (Sochi) RUS"]
[Date "2021.07.30"]
[EventDate "2021.07.12"]
[Round "6.5"]
[Result "1-0"]
[White "Sergey Karjakin"]
[Black "Sam Shankland"]
[WhiteElo "2757"]
[BlackElo "2709"]
[PlyCount "70"]

1. e4 c5 2. Nf3 d6 3. d4 cxd4 4. Nxd4 Nf6 5. Nc3 a6 6. h3 Nc6 7. g4 g6 8. Be3
Nxd4 9. Qxd4 Bg7 10. e5 Nd7 11. O-O-O Bxe5 12. Qd2 Qa5 13. Nd5 Qxd2+ 14. Rxd2
Kd8 15. f4 Bg7 16. Bg2 a5 17. a4 Ra6 18. Bf1 Rc6 19. Bb5 h5 20. g5 h4 21. Re1
Nb8 22. Ba7 e6 23. Bxc6 Nxc6 24. Bb6+ Kd7 25. Ne3 Ke7 26. Bc7 Nd4 27. Rd3 Bd7
28. Nd5+ Ke8 29. Nf6+ Bxf6 30. gxf6 Nf5 31. Bxd6 Kd8 32. Red1 Bxa4 33. Be7+ Kc7
34. Bd8+ Kc8 35. Bb6 1-0

[Event "FIDE World Cup 2021"]
[Site "Krasnaya Polyana (Sochi) RUS"]
[Date "2021.07.30"]
[EventDate "2021.07.12"]
[Round "6.6"]
[Result "0-1"]
[White "Sam Shankland"]
[Black "Sergey Karjakin"]
[WhiteElo "2709"]
[BlackElo "2757"]
[PlyCount "100"]

1. c4 Nf6 2. Nf3 e6 3. b3 b6 4. g3 Bb7 5. Bg2 c5 6. Bb2 Be7 7. O-O O-O 8. d4
cxd4 9. Qxd4 Nc6 10. Qf4 d5 11. Nc3 dxc4 12. Rfd1 Qb8 13. Qxc4 Rd8 14. e4 Rxd1+
15. Rxd1 Ne5 16. Qe2 Nxf3+ 17. Bxf3 Bb4 18. a3 Bxc3 19. Bxc3 Qc7 20. Bxf6 gxf6
21. e5 fxe5 22. Bxb7 Qxb7 23. Qxe5 Qf3 24. Rd7 h6 25. Qc7 Rf8 26. Qc2 a5 27. a4
Qa8 28. Qc1 Rd8 29. Rxd8+ Qxd8 30. Qxh6 Qd1+ 31. Kg2 Qd5+ 32. f3 Qxb3 33. Qg5+
Kf8 34. Qd8+ Kg7 35. Qd4+ Kg8 36. g4 Qb4 37. Qd7 Qb2+ 38. Kh3 Qh8+ 39. Kg2 Qb2+
40. Kg1 Qa1+ 41. Kf2 Qb2+ 42. Ke3 Qxh2 43. Qd8+ Kg7 44. Kd3 Qa2 45. Qd4+ Kg8 46.
Qc4 Qa3+ 47. Ke4 Qb2 48. g5 Qb1+ 49. Ke3 Qe1+ 50. Kd3 Qf1+ 0-1

[Event "FIDE World Cup 2021"]
[Site "Krasnaya Polyana (Sochi) RUS"]
[Date "2021.08.01"]
[EventDate "2021.07.12"]
[Round "7.1"]
[Result "1/2-1/2"]
[White "Vladimir3 Fedoseev"]
[Black "Sergey Karjakin"]
[WhiteElo "2696"]
[BlackElo "2757"]
[PlyCount "138"]

1. d4 Nf6 2. c4 e6 3. Nf3 d5 4. Nc3 c5 5. cxd5 cxd4 6. Qxd4 exd5 7. Bg5 Be7 8.
e3 O-O 9. Be2 h6 10. Bh4 Nc6 11. Qd3 Qb6 12. O-O Rd8 13. Nb5 Bg4 14. Nfd4 Bxe2
15. Qxe2 a6 16. Nxc6 bxc6 17. Nc3 Qb4 18. Bg3 Ne4 19. Be5 Bd6 20. Bxd6 Rxd6 21.
Rac1 a5 22. Rfd1 Re8 23. Qc2 Nxc3 24. bxc3 Qc5 25. Rd4 Re4 26. h3 Rde6 27. Rb1
g6 28. Qb2 Kg7 29. Rbd1 Kh7 30. a4 h5 31. Qa1 h4 32. Qb2 Re8 33. Rb1 R8e7 34.
Qa1 Qa7 35. Qb2 Qc5 36. Rbd1 Re8 37. Rc1 R8e7 38. Rb1 Kg7 39. Qa1 Qa7 40. Rbd1
Rxd4 41. cxd4 Rb7 42. Qc3 Qa6 43. Rc1 Rb4 44. Qxc6 Qxc6 45. Rxc6 Rxa4 46. Kf1
Ra2 47. Rc5 a4 48. Rxd5 a3 49. Ra5 f5 50. Ra6 Kf7 51. d5 g5 52. f3 Ra1+ 53. Kf2
Ra2+ 54. Kg1 Ra1+ 55. Kh2 a2 56. e4 fxe4 57. fxe4 Ke7 58. e5 Rd1 59. Ra7+ Ke8
60. Ra8+ Ke7 61. Ra7+ Ke8 62. Rxa2 Rxd5 63. Re2 Ke7 64. e6 Rd8 65. g4 hxg3+ 66.
Kxg3 Rd6 67. Kg4 Rxe6 68. Rxe6+ Kxe6 69. Kxg5 1/2-1/2

[Event "FIDE World Cup 2021"]
[Site "Krasnaya Polyana (Sochi) RUS"]
[Date "2021.08.02"]
[EventDate "2021.07.12"]
[Round "7.2"]
[Result "1-0"]
[White "Sergey Karjakin"]
[Black "Vladimir Fedoseev"]
[WhiteElo "2757"]
[BlackElo "2696"]
[PlyCount "66"]

1. e4 e5 2. Nf3 Nc6 3. Bb5 a6 4. Ba4 Nf6 5. O-O Be7 6. Re1 b5 7. Bb3 d6 8.
c3 O-O 9. h3 Bb7 10. d4 Re8 11. Nbd2 Bf8 12. a3 h6 13. Bc2 d5 14. dxe5 Nxe5
15. Nxe5 Rxe5 16. Nf3 Re8 17. e5 Ne4 18. Bf4 c5 19. a4 f5 20. h4 Be7 21. h5
Rf8 22. axb5 axb5 23. Rxa8 Bxa8 24. e6 Re8 25. Ne5 Bg5 26. Ng6 d4 27. cxd4
Nxf2 28. Kxf2 Bxf4 29. Nxf4 Qh4+ 30. Kg1 Qxf4 31. d5 Qg3 32. Re2 Qg5 33.
Qd2 1-0

[Event "World Cup"]
[Site "Krasnaya Polyana (Sochi) RUS"]
[Date "2021.08.05"]
[EventDate "2021.07.12"]
[Round "8.2"]
[Result "1-0"]
[White "Magnus Carlsen"]
[Black "Vladimir Fedoseev"]
[WhiteElo "2847"]
[BlackElo "2696"]
[PlyCount "98"]

1. e4 c6 2. d4 d5 3. e5 Bf5 4. c4 e6 5. Nc3 Bb4 6. cxd5 Qxd5 7. Ne2 Qd8 8.
a3 Ba5 9. Ng3 Ne7 10. Bc4 Bg6 11. h4 h6 12. h5 Bh7 13. Qg4 Kf8 14. O-O Nd7
15. Nce4 Bc7 16. Ba2 Nf5 17. Nxf5 Bxf5 18. Qf3 Qe7 19. Ng3 Bh7 20. Qg4 c5
21. Bd2 Rd8 22. f4 Nb6 23. Bc3 Nd5 24. f5 Ne3 25. Qf3 Nxf5 26. Nxf5 Bxf5
27. d5 Bb6 28. Bc4 Kg8 29. d6 Qh4 30. b3 Rd7 31. Qe2 Qg4 32. Rxf5 Qxf5 33.
Rf1 Qg5 34. Bd2 Qd8 35. Qg4 a6 36. Rxf7 Kxf7 37. Qxe6+ Kf8 38. Qf5+ Ke8 39.
Qg6+ Kf8 40. Qf5+ Ke8 41. Qg6+ Kf8 42. e6 Qf6 43. exd7 Qxg6 44. hxg6 Bd8
45. Be6 h5 46. Kf2 h4 47. Bg4 b5 48. Kf3 b4 49. axb4 cxb4 1-0